| 000 | 00688nam a2200229 i 4500 | ||
|---|---|---|---|
| 001 | 106203 | ||
| 003 | ES-MaACL | ||
| 007 | t| | ||
| 008 | 061009s1945 fr ||||1| fre d | ||
| 080 | _a330.84/.86(44) | ||
| 100 | 1 |
_aGuesde, Jules. _960600 |
|
| 245 | 1 | 0 |
_aCollectivisme et révolution / _cJules Guesde. |
| 260 |
_aParis : _bEditions de la Liberté, _c1945. |
||
| 300 |
_a120 p. ; _c19 cm. |
||
| 490 | 1 |
_aSpartacus. Série B ; _v13 |
|
| 500 | _aTítulo tomado de la cubierta. | ||
| 500 | _aBiblioteca Juan Andrade. | ||
| 650 | 1 | 4 |
_aSocialismo- _zFrancia. _917161 |
| 830 | 0 |
_aSpartacus. Série B ; _v13 _9185153 |
|
| 852 |
_aES-MaACL _jAND-765 _bR.110061 |
||
| 999 |
_c106203 _d106203 |
||